00473ntaaa2200169 45000030003000000050017000030080021000200400037000410820017000781000022000952450013001172500041001303000011001715000079001826500033002616500009002940120251027201453.00714s1973 ag 01  aAR-BaBNbspacAR-BaBNeaacrdRIC a226.5000 M13 aMcClymont, J. A.  aSt. John a1 ed. : bT. C. y E. C. Jack, cn.f. a352 p. a(Century Bible, W. F. Adeney, ed.) Nota: hay otro ejemplar en R 220.7 Ad3 aBiblia-Nuevo Testamento-Juan aJuan